Quizzes
Events
Quiz Creation
Community
Videos
Private Events
Remove Ads
Sign In
Join for FREE
Feedback
Dark Mode
Quiz Categories
Sports
Geography
Music
Movies
Television
Just For Fun
Miscellaneous
History
Literature
Language
Science
Gaming
Entertainment
Religion
Holiday
For Kids
Quiz Lab
Recent
Popular Today
Quiz Kudos Today
Editor Picks
Curator Picks
Quizzes by...
Day
Popularity
Type
Ratings
Length
Year
Community
Subscriptions
Recent Discussions
Orange Saloon
Badges
Playlists
Quests
Create
Leaderboards
Showdown
Live 5
Trivia Bingo
Activity
Puzzle Library
Sporcle Events
Private Events
Virtual Trivia
Globe League
Become a Host
Pub Owners
SporcleCon
Opinionation
Our Games
Videos
Blog
Mobile Apps
Partnerships
Remove Ads and Go Orange
Feedback
Movies
Disney
Marvel Cinematic Universe
Movie Resume
Movie Titles
Oscar
Actor
Actress
Director
Pixar
Role
Movie Quotes
Movie Characters
Box Office
Nominee
Best Picture
Star Wars
James Bond
Horror Movies
Movies
Disney
Marvel Cinematic Universe
Movie Resume
Movie Titles
Oscar
Actor
Actress
Director
Pixar
Role
Movie Quotes
Movie Characters
Box Office
Nominee
Best Picture
Star Wars
James Bond
Horror Movies
Random Quiz
Search Sporcle
×
Quiz Lab
Quiz Lab
Movies
Quote
Type in answers that appear in a list
Type in answers that appear in a list
Classic
Best Score? Go Orange.
Fletch aliases Stats
Can you name the aliases Irwin Fletcher uses in Fletch & Fletch Lives?
By
bjslade
6m
27 Questions
552 Plays
552 Plays
552 Plays
Comments
Comments
Give Quiz Kudos
Give Quiz Kudos
-
- Ratings
hide this ad
Replay
Link that replays current quiz
Next Quiz
Link to next quiz in quiz playlist
You Got
0%
They Got
Avg Score
37%
Avg Friend Score
Upgrade to see
Score Distribution
Jump to the score distribution portion of the page
Score
0/27
Timer
06:00
0
Plays Today
Quote
Alias
% Correct
Where's the records room?
Dr. Rosen
84%
No children? No elephant books.
Arnold Babar
80.8%
She be Ms. Trigonometry Ross
Geometry Fletch
77.3%
Comanche Indian
Mr. Poon
77%
I'm a shephard.
Fletch F. Fletch
75.1%
My parents were fans of the former president.
Harry S. Truman
74.8%
I'm here to check Alan Stanwyk's file.
Dr. Rosenpenis
57.9%
For an extra grand, I'll let you take me out to dinner
Ted Nugent
57.7%
Doctor who?
Dr. Rosenrosen
57.4%
It's all ball-
bearings nowadays.
Gordon Liddy
43%
What the hey, it's better than Irwin.
Jane Doe
34.3%
Doesn't mean I want her sitting next to me.
Alan Stanwyk
33%
I'm calling about some ranch property I'd like to buy.
Igor Stravinsky
31%
Mrs. Cavangh's cousin.
Don Corleone
28.3%
Quote
Alias
% Correct
It's Scotch-
Romanian.
John Cocktolstoy
23.4%
Bugbusters.
Billy Jean King
20.7%
I love the Fightin' Irish
Nostradamus
20.3%
Now I own the whole thing.
Ed Harley
19.4%
Rid this man of these headache demons.
Claude Henry Smoot
18.9%
Your house is on fire.
Peter Lemonjello
17.6%
Bend over. Ben, nice to meet you...
Victor Hugo
16.7%
I go through five of these suits a day.
Elmer Fudd Gantry
12.7%
What's your name, little lady?
Peggy Lee Zorba
11.4%
They're speaking some kind of African dialect.
Henry Himler
8.9%
If it's a reporter, cripple him.
Mary Poppins
8%
The second.
Bobby Lee Schwartz
6.2%
What happened? Did I black out?
Eldridge Cleaver
5.3%
Quiz Playlist
Details
Report
Send in Message
Add To Playlist
Classic:
Type in answers that appear in a list
Quiz Source
Last Updated: Apr 16, 2017
Quiz Scoreboard
CHALLENGE
Sign Up to Join the Scoreboard
Show All
Scores
Hide
Comments
May contain spoilers
Recently Published
An Introduction to Baseball
by treessimontrees
Sports
5m
Movies - When Are They Set?
by FPL_Elf
Movies
5m
Popular People in 1961
by mucciniale
History
6m
More to Explore
Quiz From the Vault
Featured Blog Post
Where Did the Easter Bunny Come From?
hide this ad
You Might Also Like...
Tags
Asia Quiz
Quote Quiz
alias
fletch
Irwin
Live
Today's Top Quizzes in Movies
Browse Movies
hide this ad
Today's Top Quizzes in Quote
Browse Quote
Top Contributed Quizzes in Movies
1
Pick 5 Posters: Directed by Spielberg
2
Pick 5 Posters: Lowest-Rated Spielberg
3
7-to-1: Pixar Characters
4
Multi-Oscar Nominations, One Movie, One Winner
5
Pick 5 Posters: Directed by Scorsese
6
12 Movies about Fictional 1960s Events
7
Pick 5 Posters: Star & Director
8
Sorting Actors
9
Sorting Actresses
10
One Thing in Common: Movies
Explore More
Trending Topics
Disney
Anime
Crossword
Marvel
Harry Potter
NBA
Kpop
NFL
Soccer
The Office
Puzzle
Pokémon
Country
WWE
Song
hide this ad
More By:
bjslade
Quiz
Plays
Rating
Category
Featured
Created
Fletch aliases
552
2.50
Movies
Oct 9, 2009
Go to Creator's Profile
Score Distribution
Quiz Creator Spotlight
bjslade
Follow
Send a Message
Quizzes Created
-
Created Quiz Play Count
-
More By This Creator
Popular Quizzes Today
1
Find the Countries of Europe - No Outlines Minefield
2
Find the US States - No Outlines Minefield
3
The Countries of the World
4
Popular People in 1961
5
Find the US States
6
US States
7
1-10 Letter E Words III
8
Risky Map Clicking: Biggest States A-Z
More Movies Quizzes
16 Little 1-Word '00s Movie Pictograms
Published
Trending Quizzes
Risky Map Clicking: Least Populous States A-Z
1-10 Letter F Words
1-10 Letter G Words
Not Quite an Element Typing Challenge
One Thing in Common: United Kingdom
Recently Updated
Leaping Animals
pecheneg
Reality TV Shows (A-Z)
bhenderson79
Rickey Henderson's Hall of Fame Teammates
pecheneg
Champions League XIs: Arsenal
pecheneg
Quick Pick: Celebrities in WWE's Hall of Fame
aduchscher
A-Z Keypad Blitz II
pecheneg
Multiple Oscar Actors
pecheneg
Mystery Phrase Blitz: Oscar 'Best Actors'
pecheneg
F. Scott Fitzgerald Novels
LTH
Pick 3 Villains
ddd62291
Trending Topics
NBA
Disney
Kpop
Harry Potter
Anime
Crossword
Marvel
Pokémon
The Office
Country
Puzzle
NFL
WWE
Song
Soccer
Your Account Isn't Verified!
In order to create a playlist on Sporcle, you need to verify the email address you used during registration. Go to your
Sporcle Settings
to finish the process.
Report this User
Report this user for behavior that violates our
Community Guidelines
.
Details:
Send Report
Go to the Sporcle.com Mobile Site →
Comments